Abnormal and development psychology (Record no. 819431)

MARC details
000 -LEADER
fixed length control field 00552nam a2200217Ia 4500
008 - FIXED-LENGTH DATA ELEMENTS--GENERAL INFORMATION
fixed length control field 101110s9999 xx 000 0 und d
041 ## - LANGUAGE CODE
Language code of text/sound track or separate title ENGLISH
082 ## - DEWEY DECIMAL CLASSIFICATION NUMBER
Item number SR26869
100 ## - MAIN ENTRY--PERSONAL NAME
Personal name Asch M.
245 ## - TITLE STATEMENT
Title Abnormal and development psychology
260 ## - PUBLICATION, DISTRIBUTION, ETC. (IMPRINT)
Date of publication, distribution, etc 2003
Name of publisher, distributor, etc Sarup and sons, New Delhi
300 ## - PHYSICAL DESCRIPTION
Extent 138
365 ## - TRADE PRICE
Price amount 250
520 ## - SUMMARY, ETC.
Summary, etc Psychology
546 ## - LANGUAGE NOTE
Language note ENGLISH
630 ## - SUBJECT ADDED ENTRY--UNIFORM TITLE
Uniform title Abnormal and development psychology
650 ## - SUBJECT ADDED ENTRY--TOPICAL TERM
Topical term or geographic name as entry element Psychology
655 ## - INDEX TERM--GENRE/FORM
Genre/form data or focus term Psychology
730 ## - ADDED ENTRY--UNIFORM TITLE
Uniform title Abnormal and development psychology
942 ## - ADDED ENTRY ELEMENTS (KOHA)
Koha item type Book
Holdings
Withdrawn status Lost status Damaged status Not for loan Home library Current library Shelving location Date acquired Source of acquisition Cost, normal purchase price Shelving control number Total Checkouts Barcode Date last seen Price effective from Koha item type
        D. B. J. College, Chiplun D. B. J. College, Chiplun     Shanti Sarwar Prakashan, Ahmedabad, Invoice397 250.00     DBJSR26869 11/11/2010 11/11/2010 Book